| 000 | 01273cam a2200337 a 4500 | ||
|---|---|---|---|
| 001 | 16311710 | ||
| 003 | NUST - PNEC | ||
| 005 | 20170116181204.0 | ||
| 008 | 100701s2012 maua 001 0 eng | ||
| 010 | _a 2010931694 | ||
| 020 | _a9780840054906 (student edition) | ||
| 020 | _a0840054904 (student edition) | ||
| 040 |
_aDLC _cDLC |
||
| 042 | _apcc | ||
| 050 | 0 | 0 |
_aQA276.12 _b.P4335 2012 |
| 082 | _a519.5 PEC | ||
| 100 | 1 | _aPeck, Roxy. | |
| 245 | 1 | 0 |
_aIntroduction to statistics and data analysis : _binfancy through adulthood / _cRoxy Peck, Chris Olsen, Jay L. Devore. |
| 246 | 1 | 4 | _aIntroduction to statistics & data analysis |
| 250 | _a4th ed. | ||
| 260 |
_aBoston, MA : _bBrooks/Cole, CENGAGE Learning, _c2012. |
||
| 300 |
_axxvii, 912 p. : _bcol. ill. ; _c29 cm. |
||
| 500 | _aIncludes index. | ||
| 650 |
_916563 _aStatistics _xMIS, MSCOM, MSCONT |
||
| 700 | 1 |
_aOlsen, Chris, _d1948- |
|
| 700 | 1 | _aDevore, Jay L. | |
| 856 | _uhttp://www.amazon.in/Introduction-Statistics-Analysis-Available-Titles/dp/0840054904/ref=sr_1_2?s=books&ie=UTF8&qid=1456115128&sr=1-2&keywords=9780840054906 | ||
| 906 |
_a7 _bcbc _corignew _d2 _eepcn _f20 _gy-gencatlg |
||
| 942 |
_2ddc _cBK |
||
| 999 |
_c71557 _d71557 |
||